ბათუმის შოთა რუსთაველის სახელმწიფო უნივერსიტეტის ბიბლიოთეკა

სავარჯიშოების კრებული : (ბიბ.ჩანაწერი № 57175)

000 -ლიდერი
ფიქსირებული სიგრძის საკონტროლო ველი 01751nam a22002297a 4500
003 - საკონტროლო ნომრის იდენტიფიკატორი
საკონტროლო ველი Ge_BSU
005 - ბოლო ოპერაციის თარიღი და დრო
საკონტროლო ველი 20191220111744.0
008 - ფიქსირებული სიგრძის მონაცემთა ელემენტები - ზოგადი ინფორმაცია
ფიქსირებული სიგრძის საკონტროლო ველი 191220s2006 ||||| |||| 00| 0 geo d
041 ## - ენის კოდი
Language code of text/sound track or separate title geo
080 ## - უნივერსალური ათობითი კლასიფიკაციის ინდექსი
Universal Decimal Classification number 811.353.1-84(072-19) ს -16
245 ## - ცნობა სათაურის შესახებ
Title სავარჯიშოების კრებული :
Remainder of title არაქართულიენოვანი სკოლების ქართული ენის მასწავლებელთათვის /
Statement of responsibility, etc რედ. კახა გაბუნია ; სავარჯ.მუშ. თამარ ჯაყელი ; მაია ინასარიძე ; მაია მელიქაძე და სხვ..
264 ## - წარმოების, გამოცემის, დისტრიბუციის და სხვა ცნობები
გამოცემის, წარმოების, დისტრიბუციის... ადგილი თბილისი :
გამოცემის, წარმოების, დისტრიბუციის... სახელწოდება საიმედო,
გამოცემის, წარმოების, დისტრიბუციის... თარიღი 2006.
300 ## - ფიზიკური აღწერა
Extent 130 გვ .:
Dimensions ილ .;
Other physical details 28 სმ.
653 ## - INDEX TERM--UNCONTROLLED
Uncontrolled term ქართული ენა
653 ## - INDEX TERM--UNCONTROLLED
Uncontrolled term ქართული ენა მასწავლებლებთათვის
700 ## - ADDED ENTRY--PERSONAL NAME
Personal name გაბუნია, კახა
Relator term რედაქტორი
9 (RLIN) 4175
700 ## - ADDED ENTRY--PERSONAL NAME
Personal name ჯაყელი, მარიამ
Relator term სავარჯიშოზე მუშაობდა
9 (RLIN) 5865
700 ## - ADDED ENTRY--PERSONAL NAME
Personal name ინასარიძე, მაია
Relator term სავარჯიშოზე მუშაობდა
9 (RLIN) 5866
700 ## - ADDED ENTRY--PERSONAL NAME
Personal name მიქელაძე, მაია
Relator term სავარჯიშოზე მუშაობდა
9 (RLIN) 5867
710 ## - ADDED ENTRY--CORPORATE NAME
Relator term საქართველოს განათლებისა და მეცნიერების სამინისტრო ეუთოს ეროვნულ უმცირესობათა უმაღლესი კომისრის ოფისი
9 (RLIN) 5868
942 ## - ADDED ENTRY ELEMENTS (KOHA)
Source of classification or shelving scheme
Koha item type წიგნი
ეგზემპლარები
ჩამოწერის სტატუსი დაკარგული ეგზემპლარის სტატუსი კლასიფიკაციის წყარო ან თაროზე გაწყობის სქემა დაზიანების სტატუსი არ გაიცემა მუდმივი მდებარეობა (დაცვის ადგილი) ამჟამინდელი ადგილსამყოფელი თაროზე განთავსების ადგილი შეძენის თარიღი ღირებულება, შესყიდვის ნორმალური ფასი სრული შენახვის შიფრი შტრიხკოდი ბოლო ოპერაციის თარიღი ეგზემპლარის მიმდევრობითი ნომერი (კეტერი?) ფასის ძალაში შესვლის თარიღი ეგზემპლარის სახეობა საჯარო შენიშვნა
          ბათუმის შოთა რუსთაველის სახელმწიფო უნივერსიტეტის მთავარი ბიბლიოთეკა ბათუმის შოთა რუსთაველის სახელმწიფო უნივერსიტეტის მთავარი ბიბლიოთეკა წიგნსაცავი 2019-12-20 5.00 811.353.1-84(072-19) ს -16 60303 2019-12-20 60303 2019-12-20 წიგნი 5.00